| 000 | 01362nas a2200409 4500 | ||
|---|---|---|---|
| 001 | BR2013003662 | ||
| 003 | BR-BrBNA | ||
| 005 | 20231205122330.0 | ||
| 007 | ta | ||
| 008 | 230509b bl.|||p| |||| 00| 00por d | ||
| 040 |
_aBR-BrBNA _bpor _cBiblioteca Nacional de Agricultura |
||
| 041 | _a(En) | ||
| 072 | _aL02; L50 | ||
| 100 | 1 | _aRios, R.L. | |
| 100 | 1 | _aMarin, S.Y. | |
| 100 | 1 | _aGomes, A.M. | |
| 100 | 1 | _aResende, J.S. | |
| 100 | 1 | _aBonfim, M.R.Q. | |
| 100 | 1 | _aGomes, A.D. | |
| 100 | 1 | _aResende, F.M.S. | |
| 100 | 1 | _aHorta, R.S. | |
| 100 | 1 | _aResende, M. | |
| 100 | 1 | _aMartins, N.R.S. | |
| 100 | 1 | _a | |
| 245 | 1 | _aThe occurrence of Orthoreovirus, Rotavirus and chicken anemia virus in chickens of the poultry industry in Minas Gerais, Brazil | |
| 246 | 1 | _aThe occurrence of Orthoreovirus, Rotavirus and chicken anemia virus in chickens of the poultry industry in Minas Gerais, Brazil | |
| 650 | _aFRANGO DE CORTE | ||
| 650 | _aGALINHA PARA POSTURA | ||
| 650 | _aVÍRUS | ||
| 650 | _aDOENÇA ANIMAL | ||
| 650 | _aROTAVÍRUS | ||
| 650 | _aANEMIA | ||
| 773 | 0 |
_tArquivo Brasileiro de Medicina Veterinária e Zootecnia (Brazil) _xISSN 0102-0935 _g(Dec 2012), v. 64(6) p. 1613-1620 _wBR2013003662 |
|
| 856 | 4 | 0 | _uhttp://www.scielo.br/pdf/abmvz/v64n6/30.pdf |
| 909 |
_a202311 _bLúcia _c55 _dLúcia Elande |
||
| 942 |
_2AGRIS _n0 _cANA |
||
| 999 |
_c228118 _d228118 |
||